Seongam City South Korea (Record no. 11736)

MARC details
000 -CABECERA
campo de control de longitud fija 00345nam a2200133 4500
005 - FECHA Y HORA DE LA ÚLTIMA TRANSACCIÓN
campo de control 20260530113859.0
100 1# - ENTRADA PRINCIPAL--NOMBRE DE PERSONA
Nombre de persona ICSID City of Design
9 (RLIN) 32140
245 10 - MENCIÓN DE TÍTULO
Título Seongam City South Korea
264 #1 - PRODUCCIÓN, PUBLICACIÓN, DISTRIBUCIÓN, FABRICACIÓN Y COPYRIGHT
Nombre del de productor, editor, distribuidor, fabricante Seongam City Design
Fecha de producción, publicación, distribución, fabricación o copyright 2000
300 ## - DESCRIPCIÓN FÍSICA
Extensión CD páginas
336 ## - TIPO DE CONTENIDO
Término de tipo de contenido texto
Fuente rdacontent
337 ## - TIPO DE MEDIO
Nombre/término del tipo de medio sin medio
Fuente rdamedia
338 ## - TIPO DE SOPORTE
Nombre/término del tipo de soporte volumen
Fuente rdacarrier

No items available.